| 000 | 00394nam a2200145Ia 4500 | ||
|---|---|---|---|
| 008 | 230917s9999||||xx |||||||||||||| ||und|| | ||
| 040 |
_e74199 _aMAIN |
||
| 041 | _aEnglish | ||
| 082 | _a658.4 H535O | ||
| 100 | _aHiggins, James M | ||
| 245 | 0 | _aOrganizational policy and strategic management: Text and cases | |
| 260 |
_aHinsdale _bDryden Press _c1979 |
||
| 300 | _axii, 624 p. | ||
| 942 | _cBK | ||
| 999 |
_c205829 _d205829 |
||